10 juta pulus (Record no. 107800)

MARC details
000 -LEADER
fixed length control field 00639nam a2200241 i 4500
001 - CONTROL NUMBER
control field C2-0304678
003 - CONTROL NUMBER IDENTIFIER
control field PPAK
005 - DATE AND TIME OF LATEST TRANSACTION
control field 20180728085823.0
008 - FIXED-LENGTH DATA ELEMENTS--GENERAL INFORMATION
fixed length control field 100613s2010 my |||| ||||| | may d
020 ## - INTERNATIONAL STANDARD BOOK NUMBER
International Standard Book Number 9789675136542
040 ## - CATALOGING SOURCE
Original cataloging agency PPAK
Language of cataloging eng
Transcribing agency PPAK
Description conventions rda
082 04 - DEWEY DECIMAL CLASSIFICATION NUMBER
Classification number 808.87
Edition number 23
090 00 - LOCALLY ASSIGNED LC-TYPE CALL NUMBER (OCLC); LOCAL CALL NUMBER (RLIN)
Classification number (OCLC) (R) ; Classification number, CALL (RLIN) (NR) 808.87
Feature heading MAS
Feature heading G
100 0# - MAIN ENTRY--PERSONAL NAME
Personal name Masdalifadzlie M Saaid,
Relator term author
245 10 - TITLE STATEMENT
Title 10 juta pulus
264 #1 - PRODUCTION, PUBLICATION, DISTRIBUTION, MANUFACTURE, AND COPYRIGHT NOTICE
Place of production, publication, distribution, manufacture Batu Caves, Selangor :
Name of producer, publisher, distributor, manufacturer PTS Fortuna ,
Date of production, publication, distribution, manufacture, or copyright notice 2010
300 ## - PHYSICAL DESCRIPTION
Extent 216 pages ;
Dimensions 19 cm
336 ## - CONTENT TYPE
Source rdacontent
Content type term text
337 ## - MEDIA TYPE
Source rdamedia
Media type term unmediated
338 ## - CARRIER TYPE
Source rdacarrier
Carrier type term volume
650 10 - SUBJECT ADDED ENTRY--TOPICAL TERM
Topical term or geographic name entry element Wit and humor.
942 ## - ADDED ENTRY ELEMENTS (KOHA)
-- dc
Koha item type Book
Holdings
Withdrawn Not for loan Current library Shelving location Date acquired Full call number Barcode Date last seen Koha item type Total Checkouts Date last checked out
    Perpustakaan Alor Setar Pinjaman Dewasa 15/06/2010 808.87 MAS A01339535 09/05/2018 Book    
    Perpustakaan Alor Setar Pinjaman Dewasa 15/06/2010 808.87 MAS A01339536 09/05/2018 Book    
    Perpustakaan Alor Setar Pinjaman Dewasa 27/09/2010 808.87 MAS A01354439 09/05/2018 Book    
    Perpustakaan Awam Sungai Petani Pinjaman Dewasa 27/09/2010 808.87 MAS A01354440 08/02/2020 Book 2 04/01/2020
    Perpustakaan Baling Pinjaman Dewasa 27/09/2010 808.87 MAS A01354446 09/05/2018 Book    
    Perpustakaan Bandar Baharu Pinjaman Dewasa 27/09/2010 808.87 MAS A01354447 09/05/2018 Book    
    Perpustakaan Jitra Pinjaman Dewasa 27/09/2010 808.87 MAS A01354441 09/05/2018 Book    
    Perpustakaan Kuala Nerang Pinjaman Dewasa 27/09/2010 808.87 MAS A01354448 09/05/2018 Book    
    Perpustakaan Kulim Pinjaman Dewasa 27/09/2010 808.87 MAS A01354443 09/05/2018 Book    
    Perpustakaan Langkawi Pinjaman Dewasa 27/09/2010 808.87 MAS A01354442 09/05/2018 Book    
    Perpustakaan Merbok Pinjaman Dewasa 27/09/2010 808.87 MAS A01354450 19/08/2020 Book 1 09/08/2020
    Perpustakaan Yan Pinjaman Dewasa 27/09/2010 808.87 MAS A01354444 09/05/2018 Book    
    PD30, Bandar Baru Beris Jaya, Sik Pinjaman Dewasa 27/09/2010 808.87 MAS A01354449 09/05/2018 Book